Hospodárska súťaž
Postavenie a úloha Protimonopolného úradu SR (PÚ SR) pri kontrole hospodárskej súťaže. Prípady riešené PÚ SR. Zákony prijaté PÚ SR.
Salvato in:
| Natura: | Capitolo di libro |
|---|---|
| Lingua: | slovacco |
| Soggetti: | |
| Tags: |
Nessun Tag, puoi essere il primo ad aggiungerne!!
|
MARC
| LEADER | 00000naa a2200000 4500 | ||
|---|---|---|---|
| 001 | r019105 | ||
| 005 | 20221213100434.9 | ||
| 041 | 0 | |a slo | |
| 044 | |a SK | ||
| 245 | 1 | 0 | |a Hospodárska súťaž |
| 520 | |a Postavenie a úloha Protimonopolného úradu SR (PÚ SR) pri kontrole hospodárskej súťaže. Prípady riešené PÚ SR. Zákony prijaté PÚ SR. | ||
| 610 | 2 | 0 | |a súťaž hospodárska |
| 610 | 2 | 0 | |a Protimonopolný úrad SR Bratislava |
| 610 | 2 | 0 | |a zákony |
| 610 | 2 | 0 | |a Slovensko |